000 00169nam a2200097Ia 4500
100 _a#N/A
942 _cBK
245 _aLINUX MINT 8
260 _b#N/A
546 _aENGLISH
999 _c21080
_d21080